[Event "Bullet Chess Championship"]
[Site "Chess.com INT"]
[Date "2023.07.18"]
[Round "13"]
[White "Olexandr Bortnyk"]
[Black "Alireza Firouzja"]
[Result "1-0"]
[EventDate "?"]
[WhiteElo "2607"]
[BlackElo "2777"]
[PlyCount "172"]

1. d4 Nf6 2. Nc3 d5 3. Bf4 c5 4. e4 cxd4 5. Qxd4 Nc6 6. Bb5 Bd7 7. Bxc6 Bxc6 8. e5 Nd7 9. e6 fxe6 10. Nf3 Qb6 11. Qd2 d4 12. Qxd4 Qxd4 13. Nxd4 Kf7 14. Nxc6 bxc6 15. O-O-O Nf6 16. Rhe1 g6 17. Be5 Bh6+ 18. Kb1 Rhd8 19. f3 Bd2 20. Rf1 Bxc3 21. Bxc3 Nd5 22. Bd4 e5 23. Bc5 Nf4 24. g3 Ne6 25. Be3 a5 26. a4 Nd4 27. c3 Nf5 28. Bb6 Rdb8 29. Bc5 Rb7 30. Kc2 Ke6 31. Rfe1 Kf6 32. Rd2 Nh6 33. Rde2 Nf7 34. f4 exf4 35. Bxe7+ Kf5 36. gxf4 Re8 37. b4 Ra8 38. Kb3 Rd7 39. Bc5 Kxf4 40. Re7 Rxe7 41. Rxe7 Ng5 42. Be3+ Kf5 43. Bxg5 Kxg5 44. Rxh7 axb4 45. cxb4 Kf5 46. a5 c5 47. Rc7 cxb4 48. Kxb4 g5 49. Kb5 Rb8+ 50. Kc6 Ra8 51. Kb6 Kg4 52. a6 Rh8 53. a7 Kh3 54. Rc2 Rh6+ 55. Kb5 Rh8 56. Ra2 g4 57. Kb6 Rh6+ 58. Kb7 Rh7+ 59. Kc6 Rh8 60. Kc5 Ra8 61. Kb6 Rh8 62. a8=Q Rxa8 63. Rxa8 Kxh2 64. Rh8+ Kg2 65. Rg8 g3 66. Rg7 Kf2 67. Rf7+ Kg1 68. Rh7 g2 69. Rg7 Kh1 70. Rf7 Kg1 71. Rh7 Kf1 72. Rf7+ Ke2 73. Rc7 g1=Q+ 74. Kb5 Kf2 75. Rc2+ Kf1 76. Rc4 Qf2 77. Rc1+ Qe1 78. Rc3 Qe2+ 79. Kb6 Qd3 80. Rxd3 Ke2 81. Rd5 Kf2 82. Rf5+ Kg1 83. Re5 Kh2 84. Rg5 Kh1 85. Rh5+ Kg1 86. Rg5+ 1-0

[Event "Bullet Chess Championship"]
[Site "Chess.com INT"]
[Date "2023.07.18"]
[Round "13"]
[White "Alireza Firouzja"]
[Black "Olexandr Bortnyk"]
[Result "1-0"]
[EventDate "?"]
[WhiteElo "2777"]
[BlackElo "2607"]
[PlyCount "168"]

1. e4 Nf6 2. e5 Nd5 3. d4 d6 4. c4 Nb6 5. exd6 exd6 6. h3 Be7 7. Nf3 O-O 8. Bd3 Nc6 9. Nc3 Nb4 10. Bb1 Nc6 11. O-O Bf6 12. Be3 Re8 13. b3 g6 14. Qd2 Bg7 15. Re1 Bd7 16. Be4 Qc8 17. Bh6 Bf5 18. Bxc6 bxc6 19. Bxg7 Kxg7 20. Rxe8 Qxe8 21. Re1 Qd8 22. Qe3 Qf6 23. Ng5 h6 24. Nge4 Qe7 25. Ng3 Qxe3 26. Nxf5+ gxf5 27. Rxe3 Kf6 28. Ne2 a5 29. a4 c5 30. dxc5 dxc5 31. Nf4 Rd8 32. Nh5+ Kg6 33. Nf4+ Kf6 34. g3 Rd1+ 35. Kg2 Rb1 36. Nh5+ Kg6 37. Nf4+ Kf6 38. h4 Rb2 39. Nh5+ Kg6 40. Nf4+ Kf6 41. Rf3 c6 42. Re3 Nd7 43. Nh5+ Kg6 44. Nf4+ Kf6 45. h5 Nf8 46. Nd3 Rxb3 47. Nxc5 Rb4 48. Re8 Ne6 49. Nd7+ Kg7 50. Re7 Rxc4 51. Rxf7+ Kxf7 52. Ne5+ Ke7 53. Nxc4 Nc5 54. Nxa5 Kd6 55. Nc4+ Kd5 56. Ne3+ Ke4 57. a5 Na6 58. Kf1 c5 59. Ke2 f4 60. f3+ Ke5 61. Ng4+ Kf5 62. gxf4 Kxf4 63. Nxh6 Kg5 64. Ng4 Kxh5 65. Ke3 Kg5 66. Ke4 Kg6 67. Ne3 Kf7 68. Nc4 Ke6 69. f4 Kf6 70. f5 Nc7 71. Ne3 Na6 72. Nd5+ Kf7 73. Ke5 Nc7 74. Nxc7 c4 75. Nd5 c3 76. Nxc3 Ke7 77. a6 Kd7 78. a7 Kc7 79. a8=Q Kb6 80. Qd5 Ka6 81. f6 Ka7 82. f7 Kb8 83. f8=Q+ Ka7 84. Qfc5+ 1-0

[Event "Bullet Chess Championship"]
[Site "Chess.com INT"]
[Date "2023.07.18"]
[Round "13"]
[White "Olexandr Bortnyk"]
[Black "Alireza Firouzja"]
[Result "1/2-1/2"]
[EventDate "?"]
[WhiteElo "2607"]
[BlackElo "2777"]
[PlyCount "162"]

1. d4 Nf6 2. Nc3 d5 3. Bf4 c5 4. e4 cxd4 5. Qxd4 Nc6 6. Bb5 Bd7 7. Bxc6 Bxc6 8. e5 Nd7 9. e6 fxe6 10. Nf3 Qb6 11. Be5 Qxd4 12. Bxd4 Rg8 13. h4 g5 14. hxg5 e5 15. Bxe5 Nxe5 16. Nxe5 Rxg5 17. Nxc6 bxc6 18. g3 h6 19. O-O-O Bg7 20. Ne2 Rb8 21. c3 Kd7 22. Nf4 Rf8 23. Nd3 e5 24. Nc5+ Ke7 25. Rd2 Rgf5 26. Rh2 h5 27. Kc2 Bh6 28. Re2 Kd6 29. b4 e4 30. a4 Bg7 31. a5 Rf3 32. Na4 R8f5 33. Rd2 Be5 34. Rg2 Rg5 35. Re2 h4 36. Rh2 hxg3 37. Rh6+ Rf6 38. Rxf6+ Bxf6 39. fxg3 Rxg3 40. a6 Be5 41. Rf2 Ke6 42. Nc5+ Ke7 43. Na4 Bf6 44. Rh2 Be5 45. Rh6 Bf6 46. Rh7+ Rg7 47. Rh6 Rg2+ 48. Kd1 e3 49. Rh3 Bg5 50. Nc5 Bf4 51. Ke1 Bg3+ 52. Kf1 e2+ 53. Kxg2 e1=Q 54. Rxg3 Qe2+ 55. Kh3 Kf6 56. Nd3 Kf5 57. Nc5 Qf2 58. Nd3 Qf1+ 59. Kh2 Ke4 60. Nc5+ Kf4 61. Nd3+ Kf5 62. Nc5 Qe2+ 63. Kh3 Qe1 64. Nd3 Qxc3 65. Nf2 Qe5 66. Rf3+ Ke6 67. Ng4 Qh8+ 68. Kg3 Kd6 69. Rf6+ Kc7 70. Rf7+ Kb6 71. Rf4 Kxa6 72. Nf6 Kb5 73. Kf3 Qf8 74. Ng4 Qxf4+ 75. Kxf4 Kxb4 76. Ne5 a5 77. Nxc6+ Kb3 78. Nxa5+ Kc3 79. Nc6 Kc4 80. Ke5 d4 81. Nxd4 1/2-1/2

[Event "Bullet Chess Championship"]
[Site "Chess.com INT"]
[Date "2023.07.18"]
[Round "13"]
[White "Alireza Firouzja"]
[Black "Olexandr Bortnyk"]
[Result "1-0"]
[EventDate "?"]
[WhiteElo "2777"]
[BlackElo "2607"]
[PlyCount "64"]

1. e4 Nf6 2. e5 Nd5 3. d4 d6 4. Nf3 dxe5 5. Nxe5 c6 6. Be2 Bf5 7. O-O Nd7 8. Nf3 e6 9. c3 Bd6 10. Re1 O-O 11. Bd3 Bxd3 12. Qxd3 Qc7 13. Nbd2 Rfe8 14. Ne4 N7f6 15. Nxd6 Qxd6 16. Ne5 c5 17. dxc5 Qxc5 18. Qg3 Rad8 19. Bh6 Qf8 20. Rad1 Ne7 21. Bg5 Nf5 22. Qf3 Rxd1 23. Rxd1 Nd5 24. c4 Nb6 25. g4 f6 26. gxf5 fxe5 27. f6 Qf7 28. b3 Rf8 29. Qg3 Qg6 30. fxg7 Qxg7 31. Be3 Qxg3+ 32. hxg3 1-0

[Event "Bullet Chess Championship"]
[Site "Chess.com INT"]
[Date "2023.07.18"]
[Round "13"]
[White "Olexandr Bortnyk"]
[Black "Alireza Firouzja"]
[Result "0-1"]
[EventDate "?"]
[WhiteElo "2607"]
[BlackElo "2777"]
[PlyCount "124"]

1. d4 Nf6 2. Nc3 d5 3. Bf4 c5 4. e4 cxd4 5. Qxd4 Nc6 6. Bb5 Bd7 7. Bxc6 Bxc6 8. e5 Nd7 9. e6 fxe6 10. Nf3 Qb6 11. Qd2 d4 12. Qxd4 Bxf3 13. Qxb6 axb6 14. gxf3 g6 15. Nb5 Kf7 16. b3 Bg7 17. Rd1 Nf6 18. a4 Nd5 19. Bd2 Rhd8 20. c4 Nf6 21. Ke2 Nd7 22. Be3 Nc5 23. Rxd8 Rxd8 24. Rb1 Be5 25. a5 Nd3 26. Rd1 Nf4+ 27. Bxf4 Rxd1 28. Bxe5 Rb1 29. axb6 Rxb3 30. Bc7 g5 31. h3 h5 32. Nd4 Rc3 33. f4 gxf4 34. Nf3 Kg6 35. Bxf4 Kf5 36. Bg3 Rxc4 37. h4 Rb4 38. Bc7 e5 39. Nxe5 Rxh4 40. Nd3 Rc4 41. Kf1 h4 42. Kg2 h3+ 43. Kh2 Rc3 44. Ne1 e5 45. Bd6 Ke6 46. Bc7 Kd5 47. f3 e4 48. fxe4+ Kxe4 49. Bg3 Rb3 50. Bc7 Kf5 51. Kh1 Kg4 52. Kh2 Rb2+ 53. Kg1 Re2 54. Nd3 Kf3 55. Ne5+ Kg3 56. Ng6+ Kg4 57. Ne5+ Kg5 58. Nd3 Kh4 59. Nf2 Rxf2 60. Kxf2 Kg4 61. Kg1 Kf5 62. Kh2 Ke6 0-1

[Event "Bullet Chess Championship"]
[Site "Chess.com INT"]
[Date "2023.07.18"]
[Round "13"]
[White "Alireza Firouzja"]
[Black "Olexandr Bortnyk"]
[Result "0-1"]
[EventDate "?"]
[WhiteElo "2777"]
[BlackElo "2607"]
[PlyCount "176"]

1. e4 Nf6 2. e5 Nd5 3. d4 d6 4. c4 Nb6 5. exd6 exd6 6. h3 Bf5 7. Nf3 Be7 8. Bd3 Bxd3 9. Qxd3 O-O 10. Nc3 Nc6 11. O-O Bf6 12. Re1 Re8 13. Bf4 Qd7 14. b3 Rxe1+ 15. Rxe1 Re8 16. Rxe8+ Qxe8 17. Ne4 Be7 18. d5 Nb8 19. Nd4 N8d7 20. Nb5 Qb8 21. Qe3 Bf8 22. h4 a6 23. Nd4 Qe8 24. h5 Nc8 25. h6 g6 26. Nf3 f5 27. Neg5 Qxe3 28. Bxe3 c6 29. dxc6 bxc6 30. Ne6 d5 31. cxd5 cxd5 32. Nc7 a5 33. Nxd5 Nd6 34. Kf1 Ne4 35. Ng5 Bxh6 36. Nxe4 Bxe3 37. Nd6 Bg5 38. Nc4 Bd8 39. a4 Nc5 40. b4 axb4 41. Nxb4 Nxa4 42. Nc6 Bf6 43. Nb4 Nc3 44. Ne3 Kf7 45. Ned5 Nxd5 46. Nxd5 Be5 47. Nb4 Ke6 48. Nd3 Bd6 49. Ke2 Kd5 50. Ne1 Ke6 51. Nf3 Kf6 52. Nd2 g5 53. Nf1 h5 54. Ne3 h4 55. Nd5+ Ke5 56. Ne3 Ke4 57. Nc4 Bc5 58. Nd2+ Kf4 59. Nf3 Bb6 60. Ne1 g4 61. Nd3+ Kg5 62. Kf1 Bd4 63. Ne1 Bc3 64. Nd3 Bf6 65. Nc1 Be7 66. Ne2 Bf6 67. f3 Be5 68. Kf2 Bd6 69. Ke3 Bc5+ 70. Kd3 h3 71. fxg4 h2 72. Ng3 Kxg4 73. Nh1 f4 74. Ke2 Bg1 75. Kf1 f3 76. g3 Kh3 77. g4 Kxg4 78. Ke1 Kh4 79. Kf1 Kh3 80. Nf2+ Bxf2 81. Kxf2 h1=Q 82. Ke3 Qg2 83. Kf4 f2 84. Ke5 f1=Q 85. Kd6 Qd2+ 86. Kc7 Qfc1+ 87. Kb8 Qdb2+ 88. Ka7 Qca1# 0-1

[Event "Bullet Chess Championship"]
[Site "Chess.com INT"]
[Date "2023.07.18"]
[Round "13"]
[White "Olexandr Bortnyk"]
[Black "Alireza Firouzja"]
[Result "0-1"]
[EventDate "?"]
[WhiteElo "2607"]
[BlackElo "2777"]
[PlyCount "122"]

1. e4 e6 2. d4 d5 3. Nc3 a6 4. Nf3 Nf6 5. Bd3 Nc6 6. O-O Nb4 7. exd5 Nxd3 8. Qxd3 Nxd5 9. Re1 Be7 10. Ne5 O-O 11. Qg3 Kh8 12. Ne4 f6 13. Nd3 b6 14. c4 Nb4 15. Nxb4 Bxb4 16. Bd2 Bxd2 17. Nxd2 Qxd4 18. Rad1 e5 19. Qa3 Bg4 20. Re4 Qd7 21. f3 Bf5 22. Ree1 Qd4+ 23. Kh1 Rfd8 24. h3 Bc2 25. Nb3 Qxc4 26. Rxd8+ Rxd8 27. Qe7 Qd5 28. Qxc7 Bxb3 29. axb3 b5 30. Ra1 Ra8 31. Qb6 h6 32. b4 e4 33. fxe4 Qxe4 34. Rxa6 Rxa6 35. Qxa6 Qe1+ 36. Kh2 Qxb4 37. Qc8+ Kh7 38. Qf5+ Kg8 39. Qc8+ Kf7 40. Qd7+ Kg6 41. Qe8+ Kh7 42. Qe2 Qf4+ 43. Kh1 Qe5 44. Qd3+ f5 45. b3 h5 46. Qf3 g6 47. Qb7+ Kh6 48. Qc8 h4 49. Qh8+ Qxh8 50. Kg1 Qe5 51. Kh1 Qe1+ 52. Kh2 Qg3+ 53. Kh1 b4 54. Kg1 Kg7 55. Kh1 Kf7 56. Kg1 Ke7 57. Kf1 Kd6 58. Ke2 Kc5 59. Kd2 Kd4 60. Ke2 Qxg2+ 61. Ke1 Kd3 0-1

[Event "Bullet Chess Championship"]
[Site "Chess.com INT"]
[Date "2023.07.17"]
[Round "1"]
[White "Alireza Firouzja"]
[Black "Denis Lazavik"]
[Result "1/2-1/2"]
[EventDate "?"]
[WhiteElo "2777"]
[BlackElo "2553"]
[PlyCount "70"]

1. e4 e5 2. Nf3 Nc6 3. Bb5 Nf6 4. d3 Bc5 5. Bxc6 dxc6 6. Nc3 Qd6 7. Be3 Bxe3 8. fxe3 Bg4 9. O-O Nd7 10. Qe1 O-O-O 11. Ng5 Bh5 12. Nxf7 Bxf7 13. Rxf7 Rdf8 14. Qf2 Qg6 15. Rf1 Nf6 16. Qf5+ Qxf5 17. Rxf8+ Rxf8 18. Rxf5 Re8 19. Ne2 Re6 20. h3 g6 21. Rf3 Kd7 22. Ng3 Ke7 23. Nf1 c5 24. Nd2 b5 25. a3 Nd7 26. Rf2 a5 27. b3 Ra6 28. c4 c6 29. a4 bxa4 30. bxa4 Rb6 31. Nf3 Rb4 32. Ng5 Nf6 33. Nf3 Nd7 34. Ng5 Nf6 35. Nf3 Nd7 1/2-1/2

[Event "Bullet Chess Championship"]
[Site "Chess.com INT"]
[Date "2023.07.17"]
[Round "1"]
[White "Denis Lazavik"]
[Black "Alireza Firouzja"]
[Result "0-1"]
[EventDate "?"]
[WhiteElo "2553"]
[BlackElo "2777"]
[PlyCount "70"]

1. d4 Nf6 2. c4 g6 3. Nf3 Bg7 4. g3 O-O 5. Bg2 d6 6. O-O Nbd7 7. Nc3 e5 8. e4 c6 9. h3 Qb6 10. c5 dxc5 11. dxe5 Ne8 12. e6 fxe6 13. Ng5 Ne5 14. f4 Nf7 15. Nxf7 Bd4+ 16. Kh2 Rxf7 17. e5 Nc7 18. Qe2 Nd5 19. Ne4 a5 20. a4 Qa6 21. Qd1 b6 22. h4 Nb4 23. Ng5 Re7 24. Be4 Qc4 25. b3 Qa6 26. Rb1 Raa7 27. Bd2 Rad7 28. Qf3 Bg1+ 29. Rxg1 Rxd2+ 30. Rg2 Rd4 31. h5 gxh5 32. Qxh5 Qb7 33. Re1 Qd7 34. Nf3 Qe8 35. Bxh7+ Rxh7 0-1

[Event "Bullet Chess Championship"]
[Site "Chess.com INT"]
[Date "2023.07.17"]
[Round "1"]
[White "Alireza Firouzja"]
[Black "Denis Lazavik"]
[Result "1-0"]
[EventDate "?"]
[WhiteElo "2777"]
[BlackElo "2553"]
[PlyCount "116"]

1. d4 Nf6 2. Nc3 d5 3. Bf4 c5 4. e3 cxd4 5. exd4 a6 6. Nf3 Nc6 7. Ne5 e6 8. g3 Bd6 9. Bg2 O-O 10. O-O Qc7 11. Re1 b5 12. a4 b4 13. Na2 Bb7 14. Qd2 a5 15. Nc1 Ne7 16. Nb3 Ne4 17. Qe3 f6 18. Nd3 Nf5 19. Qc1 Rac8 20. Bxd6 Nexd6 21. Ndc5 Nxd4 22. Nxd4 Qxc5 23. Nxe6 Qb6 24. Nxf8 Rxf8 25. Qf4 Nc4 26. b3 Ne5 27. Rad1 Rc8 28. Rxe5 fxe5 29. Qxe5 h6 30. Bxd5+ Bxd5 31. Qxd5+ Kh8 32. Qf5 Qc6 33. Rd5 Re8 34. Re5 Rd8 35. Re1 Qc3 36. Kf1 Qc6 37. Qe4 Qc5 38. h4 Rf8 39. Re2 Qd6 40. Kg2 Rd8 41. Qe5 Qc6+ 42. Qe4 Qd6 43. Qf3 Rf8 44. Qd3 Qc6+ 45. Qe4 Qd6 46. Re3 Rd8 47. Rd3 Qf8 48. Rf3 Qd6 49. Rd3 Qf8 50. Rxd8 Qxd8 51. Qc6 Qd2 52. Qa8+ Kh7 53. Qxa5 Qc3 54. Qf5+ Kh8 55. Qd3 Qc6+ 56. Qf3 Qc3 57. Qxc3 bxc3 58. a5 1-0

[Event "Bullet Chess Championship"]
[Site "Chess.com INT"]
[Date "2023.07.17"]
[Round "1"]
[White "Denis Lazavik"]
[Black "Alireza Firouzja"]
[Result "0-1"]
[EventDate "?"]
[WhiteElo "2553"]
[BlackElo "2777"]
[PlyCount "88"]

1. d4 Nf6 2. c4 g6 3. g3 Bg7 4. Bg2 O-O 5. Nc3 d6 6. Nf3 c5 7. O-O Nc6 8. dxc5 dxc5 9. Bf4 Qa5 10. Qa4 Qb4 11. Qb3 Na5 12. Qxb4 cxb4 13. Nd5 Nxd5 14. cxd5 Nc4 15. Rac1 Nxb2 16. Rc7 Re8 17. Ne5 g5 18. d6 exd6 19. Nxf7 gxf4 20. Nxd6 Be6 21. Nxe8 Rxe8 22. Rxb7 a5 23. Rc1 Bxa2 24. Rcc7 Be5 25. Rxh7 fxg3 26. hxg3 Be6 27. Rh5 Nc4 28. Rg5+ Kf8 29. Rh5 Re7 30. Rb5 Ra7 31. f4 Bd4+ 32. Kh2 a4 33. f5 Bf7 34. Rh7 a3 35. Rb8+ Ke7 36. Bd5 a2 37. Rxf7+ Kd6 38. Rd8+ Ke5 39. Bxc4 a1=Q 40. Rd5+ Ke4 41. Rxa7 Qxa7 42. Kg2 Qc7 43. Bb3 Qc3 44. f6 Qxb3 0-1

[Event "Bullet Chess Championship"]
[Site "Chess.com INT"]
[Date "2023.07.17"]
[Round "1"]
[White "Alireza Firouzja"]
[Black "Denis Lazavik"]
[Result "1-0"]
[EventDate "?"]
[WhiteElo "2777"]
[BlackElo "2553"]
[PlyCount "102"]

1. d4 Nf6 2. Nc3 d5 3. Bf4 c5 4. e3 cxd4 5. exd4 a6 6. Nf3 Nc6 7. Ne5 e6 8. g3 Bd6 9. Bg2 O-O 10. O-O Qc7 11. Re1 b5 12. a4 b4 13. Na2 Bb7 14. Nxc6 Bxc6 15. Nxb4 Bxf4 16. gxf4 Rab8 17. c3 Bb7 18. Nd3 Ne4 19. a5 Bc6 20. b4 Bb5 21. Nc5 Nxc5 22. dxc5 Qxf4 23. Qd4 Qc7 24. Re3 Rfe8 25. Rae1 Rbd8 26. h4 Qd7 27. Rg3 f6 28. Qxf6 Kh8 29. Qe5 Qf7 30. h5 h6 31. Rg6 Kh7 32. Re3 Rf8 33. Rf3 Qd7 34. Qxe6 Qc7 35. Rxf8 Rxf8 36. Qe3 Qf7 37. Rg3 Qxh5 38. Bf3 Qf7 39. Kg2 Re8 40. Qd4 Rf8 41. Qxd5 Qf6 42. Qd4 Qf7 43. Qd5 Qf6 44. c4 Be8 45. c6 Bf7 46. Qe4+ Kh8 47. c7 Be6 48. b5 Bf5 49. Qc6 Qe5 50. bxa6 Bc8 51. a7 1-0

[Event "Bullet Chess Championship"]
[Site "Chess.com INT"]
[Date "2023.07.17"]
[Round "1"]
[White "Denis Lazavik"]
[Black "Alireza Firouzja"]
[Result "0-1"]
[EventDate "?"]
[WhiteElo "2553"]
[BlackElo "2777"]
[PlyCount "110"]

1. d4 Nf6 2. c4 g6 3. g3 Bg7 4. Bg2 O-O 5. Nc3 d6 6. Nf3 c5 7. O-O Nc6 8. dxc5 dxc5 9. Bf4 Be6 10. b3 Nh5 11. Bd2 Qc7 12. Rc1 Rad8 13. e3 Nb4 14. Qe2 Bf5 15. Ne1 Nf6 16. a3 Nd3 17. Rd1 Qb6 18. e4 Bg4 19. f3 Nxe1 20. Rfxe1 Be6 21. Rb1 Qa6 22. Nd5 Rfe8 23. Nc7 Qxa3 24. Nxe8 Nxe8 25. Be3 b6 26. f4 Bd4 27. e5 Ng7 28. Bxd4 Rxd4 29. Red1 Nf5 30. Rxd4 Nxd4 31. Qb2 Qb4 32. Rd1 a5 33. Bd5 a4 34. Bxe6 fxe6 35. Qg2 axb3 36. Qa8+ Kf7 37. Qh8 b2 38. Qxh7+ Ke8 39. Qxg6+ Kd7 40. f5 Qxc4 41. fxe6+ Kc7 42. Qh7 Qxe6 43. Qe4 Qb3 44. Rb1 b5 45. e6 b4 46. Qe5+ Kc6 47. Qe4+ Kb5 48. Qb7+ Kc4 49. Qe4 Qc3 50. Qg2 Kb3 51. Qf1 Qc2 52. Qe1 Nf3+ 53. Kf1 Nxh2+ 54. Kg1 Nf3+ 55. Kf1 Nxe1 0-1

[Event "Bullet Chess Championship"]
[Site "Chess.com INT"]
[Date "2023.07.17"]
[Round "1"]
[White "Alireza Firouzja"]
[Black "Denis Lazavik"]
[Result "0-1"]
[EventDate "?"]
[WhiteElo "2777"]
[BlackElo "2553"]
[PlyCount "146"]

1. e4 e5 2. Nf3 Nc6 3. Bb5 Nf6 4. d3 Bc5 5. Bxc6 dxc6 6. Nc3 Qd6 7. Be3 Bxe3 8. fxe3 Be6 9. O-O Nd7 10. Ng5 f6 11. Nxe6 Qxe6 12. Qh5+ g6 13. Qh4 O-O-O 14. Rf3 h5 15. Raf1 g5 16. Qf2 h4 17. Rf5 g4 18. Qe2 Rdg8 19. a4 Rg6 20. a5 a6 21. b3 Nc5 22. Nd1 Qe7 23. Nb2 Ne6 24. Nc4 Ng7 25. R5f2 g3 26. Rf3 gxh2+ 27. Kxh2 Nh5 28. Qf2 Ng3 29. Rg1 Qe6 30. Nd2 Nh5 31. Rh3 Rg4 32. Nf3 Ng3 33. b4 f5 34. exf5 Nxf5 35. Nd2 e4 36. Nxe4 Qe5+ 37. Kh1 Ng3+ 38. Nxg3 hxg3 39. Qf3 Rgh4 40. Rf1 Rxh3+ 41. gxh3 Rxh3+ 42. Kg1 Kb8 43. Qf8+ Ka7 44. Qc5+ Qxc5 45. bxc5 Rh5 46. d4 Rh4 47. Rf3 Rh2 48. Rxg3 Rxc2 49. Kf1 Ra2 50. e4 Rxa5 51. Re3 Kb8 52. e5 Kc8 53. Rg3 Kd7 54. Ke2 Ke6 55. Rg7 Kd5 56. Rxc7 Kxd4 57. e6 Rxc5 58. e7 Re5+ 59. Kd2 Kc5 60. Rxb7 Kd6 61. Ra7 Rxe7 62. Rxa6 Re5 63. Kc3 Rd5 64. Kb4 Rc5 65. Ra5 Rxa5 66. Kxa5 Kc5 67. Ka4 Kc4 68. Ka3 c5 69. Ka2 Kd3 70. Kb2 c4 71. Kc1 c3 72. Kd1 Kd4 73. Kc1 Kc4 0-1

[Event "Bullet Chess Championship"]
[Site "Chess.com INT"]
[Date "2023.07.17"]
[Round "1"]
[White "Denis Lazavik"]
[Black "Alireza Firouzja"]
[Result "0-1"]
[EventDate "?"]
[WhiteElo "2553"]
[BlackElo "2777"]
[PlyCount "92"]

1. d4 Nf6 2. c4 g6 3. g3 Bg7 4. Bg2 O-O 5. Nc3 d6 6. Nf3 c5 7. O-O Nc6 8. dxc5 dxc5 9. Bf4 Be6 10. Ne5 Nh5 11. Nxc6 bxc6 12. Bd2 Bxc4 13. Rc1 Bd5 14. Nxd5 cxd5 15. Rxc5 e6 16. Qc2 Rc8 17. b4 Rxc5 18. bxc5 Qc7 19. Rc1 Rc8 20. e4 d4 21. Bf1 Qc6 22. Bd3 Bf8 23. Qb3 Nf6 24. f3 Bxc5 25. Bb4 Qb6 26. Ba3 Nd7 27. Bb5 d3+ 28. Kg2 d2 29. Rd1 Bxa3 30. Bxd7 Qxb3 31. axb3 Rc2 32. Kf2 Bb4 33. Ke2 Rc1 34. Bb5 e5 35. Bc4 Kg7 36. g4 f6 37. h4 Bc3 38. h5 Bb4 39. hxg6 hxg6 40. Bb5 a5 41. Bd7 Kh6 42. Be8 Kg5 43. Bf7 Kf4 44. Bxg6 Rc3 45. Rf1 Re3+ 46. Kf2 Re1 0-1

[Event "Bullet Chess Championship"]
[Site "Chess.com INT"]
[Date "2023.07.17"]
[Round "1"]
[White "Alireza Firouzja"]
[Black "Denis Lazavik"]
[Result "1-0"]
[EventDate "?"]
[WhiteElo "2777"]
[BlackElo "2553"]
[PlyCount "40"]

1. d4 Nf6 2. Nc3 d5 3. Bf4 c5 4. e3 cxd4 5. exd4 Nc6 6. Nf3 a6 7. Ne5 e6 8. g3 Bd6 9. Bg2 O-O 10. O-O Qc7 11. Re1 b5 12. a4 b4 13. Na2 a5 14. c3 bxc3 15. Nxc3 Ba6 16. Rc1 Bxe5 17. dxe5 Nd7 18. Nxd5 exd5 19. e6 Qb7 20. Bxd5 1-0

[Event "Bullet Chess Championship"]
[Site "Chess.com INT"]
[Date "2023.07.17"]
[Round "1"]
[White "Denis Lazavik"]
[Black "Alireza Firouzja"]
[Result "1/2-1/2"]
[EventDate "?"]
[WhiteElo "2553"]
[BlackElo "2777"]
[PlyCount "98"]

1. d4 Nf6 2. c4 g6 3. Nf3 Bg7 4. g3 O-O 5. Bg2 d6 6. Nc3 c5 7. d5 e6 8. O-O exd5 9. cxd5 a6 10. a4 Re8 11. Nd2 h5 12. Nc4 h4 13. Bf4 h3 14. Bf3 Bf8 15. e4 Qc7 16. Re1 Nbd7 17. e5 dxe5 18. d6 Qb8 19. Nxe5 Nxe5 20. Bxe5 Rxe5 21. Rxe5 Qxd6 22. Qxd6 Bxd6 23. Ree1 Bf5 24. Rad1 Bf8 25. Bxb7 Rb8 26. Bxa6 Rxb2 27. Bc4 Ng4 28. Re2 Rb4 29. Bd5 Bg7 30. Ne4 Rxa4 31. Nd6 Bd4 32. Bxf7+ Kg7 33. Bb3 Ra3 34. Be6 Bxe6 35. Rxe6 Bxf2+ 36. Kf1 Ne3+ 37. Kxf2 Nxd1+ 38. Ke2 Nc3+ 39. Kf3 Nb5+ 40. Kg4 Nxd6 41. Rxd6 Ra7 42. Rc6 Ra5 43. Kxh3 Kh6 44. Kg4 Ra4+ 45. Kf3 Ra3+ 46. Kf4 Ra4+ 47. Kf3 Ra3+ 48. Kg2 Ra2+ 49. Kf3 Ra3+ 1/2-1/2

[Event "Bullet Chess Championship"]
[Site "Chess.com INT"]
[Date "2023.07.17"]
[Round "1"]
[White "Alireza Firouzja"]
[Black "Denis Lazavik"]
[Result "1-0"]
[EventDate "?"]
[WhiteElo "2777"]
[BlackElo "2553"]
[PlyCount "80"]

1. d4 Nf6 2. c4 e6 3. Nc3 d5 4. cxd5 exd5 5. Bg5 c6 6. e3 h6 7. Bh4 Be7 8. Bd3 O-O 9. Nge2 Re8 10. f3 b5 11. Bf2 b4 12. Na4 a5 13. Rc1 Ba6 14. Bxa6 Rxa6 15. O-O Nbd7 16. Qd3 Qa8 17. Rc2 Qb7 18. Rfc1 Qb5 19. Qxb5 cxb5 20. Nc5 Bxc5 21. dxc5 Ne5 22. Nd4 Rc8 23. c6 Nd3 24. Rd1 Ne5 25. b3 Kf8 26. Bg3 Ng6 27. Rc5 Ne7 28. Rdc1 Rb6 29. c7 Ke8 30. Rxb5 Rxb5 31. Nxb5 Kd7 32. Na7 Ra8 33. c8=Q+ Nxc8 34. Rc7+ Kd8 35. Nc6+ Ke8 36. Ne5 Nd6 37. Ng4 Nxg4 38. Bxd6 a4 39. fxg4 axb3 40. axb3 1-0

[Event "Bullet Chess Championship"]
[Site "Chess.com INT"]
[Date "2023.07.17"]
[Round "1"]
[White "Denis Lazavik"]
[Black "Alireza Firouzja"]
[Result "1/2-1/2"]
[EventDate "?"]
[WhiteElo "2553"]
[BlackElo "2777"]
[PlyCount "114"]

1. d4 Nf6 2. c4 g6 3. Nf3 Bg7 4. g3 O-O 5. Bg2 d6 6. O-O c5 7. Nc3 Nc6 8. dxc5 dxc5 9. Bf4 Be6 10. Ne5 Nh5 11. Nxc6 bxc6 12. Bd2 Bxc4 13. Rc1 Rc8 14. b3 Bd5 15. Ne4 c4 16. bxc4 Be6 17. Qc2 Bf5 18. Rfd1 Nf6 19. Bc3 Qc7 20. Nxf6+ Bxf6 21. Qb2 Rb8 22. Qa1 Bxc3 23. Qxc3 Rfd8 24. Qe3 c5 25. Rd5 Rxd5 26. cxd5 Rb1 27. Qc3 Rxc1+ 28. Qxc1 Qa5 29. e4 Bd7 30. e5 Qxa2 31. h4 c4 32. d6 exd6 33. exd6 Qa6 34. Qf4 Qa1+ 35. Kh2 Qd1 36. Qf6 c3 37. Qxc3 Qxd6 38. Qe3 a5 39. h5 gxh5 40. Qg5+ Kf8 41. Qxh5 h6 42. Qxa5 Be6 43. Qe1 Kg7 44. Qe3 Qe7 45. Qc3+ Qf6 46. Qxf6+ Kxf6 47. f4 h5 48. Bf3 Bg4 49. Bg2 Kf5 50. Kg1 h4 51. gxh4 Kxf4 52. Kf2 f5 53. Bf1 Bh5 54. Bh3 Bg4 55. Bf1 Bf3 56. Bh3 Bg4 57. Bf1 1/2-1/2

[Event "Bullet Chess Championship"]
[Site "Chess.com INT"]
[Date "2023.07.17"]
[Round "1"]
[White "Alireza Firouzja"]
[Black "Denis Lazavik"]
[Result "1-0"]
[EventDate "?"]
[WhiteElo "2777"]
[BlackElo "2553"]
[PlyCount "36"]

1. d4 Nf6 2. Nc3 d5 3. Bf4 a6 4. f3 c5 5. e3 Nc6 6. Qd2 e6 7. g4 Bd6 8. dxc5 Bxc5 9. O-O-O Bd7 10. h4 Qa5 11. Kb1 Rc8 12. Nge2 O-O 13. h5 e5 14. Bg5 d4 15. exd4 exd4 16. Bxf6 dxc3 17. Qg5 g6 18. Qh6 1-0

[Event "Bullet Chess Championship"]
[Site "Chess.com INT"]
[Date "2023.07.17"]
[Round "1"]
[White "Denis Lazavik"]
[Black "Alireza Firouzja"]
[Result "1-0"]
[EventDate "?"]
[WhiteElo "2553"]
[BlackElo "2777"]
[PlyCount "82"]

1. d4 Nf6 2. c4 g6 3. Nf3 d5 4. g3 Bg7 5. cxd5 O-O 6. Bg2 Nxd5 7. O-O Nb6 8. Nc3 Nc6 9. e3 Bf5 10. Qe2 Nb4 11. Rd1 Nc2 12. Rb1 Nb4 13. e4 Bg4 14. h3 Bxf3 15. Bxf3 Nc6 16. d5 Nd4 17. Qd3 Nxf3+ 18. Qxf3 Qc8 19. Kg2 c6 20. Bg5 Re8 21. Rbc1 Nc4 22. b3 Nd6 23. Qe2 f5 24. e5 Nf7 25. Bf4 g5 26. e6 gxf4 27. exf7+ Kxf7 28. dxc6 Qxc6+ 29. Nd5 Qg6 30. Nxf4 Qh6 31. Qc4+ e6 32. Rd7+ Kg8 33. Re1 Rac8 34. Qb5 e5 35. Qd5+ Kh8 36. Nd3 e4 37. Nf4 e3 38. Rxe3 Rxe3 39. fxe3 Qf6 40. h4 Qa1 41. Rd8+ 1-0

[Event "Bullet Chess Championship"]
[Site "Chess.com INT"]
[Date "2023.07.17"]
[Round "1"]
[White "Alireza Firouzja"]
[Black "Denis Lazavik"]
[Result "1-0"]
[EventDate "?"]
[WhiteElo "2777"]
[BlackElo "2553"]
[PlyCount "84"]

1. e4 e5 2. Nf3 Nc6 3. Bb5 Nf6 4. d3 Bc5 5. Bxc6 dxc6 6. Nc3 Qd6 7. Be3 Bxe3 8. fxe3 Be6 9. O-O Nd7 10. Ng5 f6 11. Nxe6 Qxe6 12. Qh5+ g6 13. Qe2 O-O-O 14. Rf3 h5 15. Raf1 g5 16. Rf5 h4 17. a4 Rdf8 18. a5 a6 19. b4 Qe7 20. Rb1 Rhg8 21. Nd1 g4 22. c3 Rf7 23. Nb2 Nf8 24. Rbf1 Ne6 25. Nc4 Ng7 26. Qxg4 Kb8 27. Nxe5 Rff8 28. Rxf6 Rxf6 29. Nd7+ Ka7 30. Nxf6 Rd8 31. d4 Ne6 32. Qxh4 Rf8 33. e5 Qg7 34. g4 Rh8 35. Qg3 Ng5 36. h4 Ne6 37. g5 Nf8 38. e4 Qg6 39. h5 Qg7 40. g6 Ne6 41. Qe3 Qe7 42. d5+ 1-0

[Event "Bullet Chess Championship"]
[Site "Chess.com INT"]
[Date "2023.07.17"]
[Round "1"]
[White "Denis Lazavik"]
[Black "Alireza Firouzja"]
[Result "0-1"]
[EventDate "?"]
[WhiteElo "2553"]
[BlackElo "2777"]
[PlyCount "56"]

1. d4 g6 2. c4 Bg7 3. Nf3 c5 4. d5 b5 5. e4 bxc4 6. Bxc4 d6 7. O-O Bg4 8. h3 Bxf3 9. Qxf3 Nd7 10. Qe2 Ngf6 11. Nc3 O-O 12. f4 Rb8 13. e5 Ne8 14. e6 Nb6 15. Bd3 f5 16. Rd1 Nc7 17. Bc2 Qc8 18. Be3 Qa6 19. Bd3 Qa5 20. g4 Nbxd5 21. Nxd5 Nxd5 22. Bd2 Qa4 23. gxf5 Nxf4 24. Bxf4 Qxf4 25. Rd2 Rxb2 26. Rxb2 Bxb2 27. Rf1 Qg3+ 28. Qg2 Qxd3 0-1